003710000a22001090004500090001700000245009200017041001300109100004100122942001300163773006800176999001700244 aASbSeriadas10aDicranopygium callithrix (Cyclanthaceae), a new species from the Cauca Valley, Colombia0 aInglés1 aSilverstone Sopkin, Philip A.955077 cARTICULO1 tNovonkJournal for Botanical Nomenclatureh3q337-340d2004g14 c16199d16199